| 000 | 02259cam a2200445 i 4500 | ||
|---|---|---|---|
| 001 | on1202605645 | ||
| 003 | TZ-ArACH | ||
| 005 | 20220308150958.0 | ||
| 008 | 201102t20202020enk b 000 0 eng d | ||
| 016 | 7 |
_a020189719 _2Uk |
|
| 020 |
_a9781839700064 _q(paperback) |
||
| 020 |
_a1839700068 _q(paperback) |
||
| 020 |
_z9781839700095 _q(PDF) |
||
| 035 | _a(OCoLC)1202605645 | ||
| 040 |
_aY$R _beng _erda _cTZ-ArACH |
||
| 041 |
_aeng _beng _bdut |
||
| 049 | _aTZAA | ||
| 050 | 4 |
_aJC571 _b.V54 2020 |
|
| 100 | 1 |
_aVleugel, Vincent Willem, _d1984- _eauthor. _4aut |
|
| 245 | 1 | 0 |
_aCulture in the state reporting procedure of the UN Human Rights treaty bodies : _bhow the HRC, the CESCR and the CEDAWCee use human rights as a sword to protect and promote culture, and as a shield to protect against harmful culture / _cVincent Willem Vleugel. |
| 260 |
_aCambridge ; _a Antwerp ; _aChicago : _b Intersentia, _c2020. |
||
| 300 |
_axiv, 375 pages ; _c24 cm. |
||
| 490 | 1 |
_aHuman Rights Research Series ; _vvolume 89 |
|
| 500 | _a"Netherlands Network for Human Rights Research" -- Cover. | ||
| 504 | _aIncludes bibliographic references. | ||
| 505 | 0 | 0 |
_gIntroduction -- _tHuman rights and cultural diversity : between and beyond universalism and cultural relativisim -- _tUN treaty bodies : treaties, committees, working methods -- _tHuman rights as a sword : to protect and promote cultural diversity -- _tHuman rights as a shield : to protect against harmful aspects of culture -- _tCultural argumentation : the state reporting procedure as a platform for cross-cultural dialogue -- _gConclusion: _tHow the treaty bodies universalise human rights. |
| 540 |
_aBritish Library not licensed to copy _c0. _5Uk |
||
| 546 | _aText in English; summary in English and Dutch. | ||
| 650 | 0 | _aHuman rights. | |
| 650 | 0 | _aCultural pluralism. | |
| 650 | 0 | _aInternational relations and culture. | |
| 650 | 0 |
_aHuman rights _xCulture. |
|
| 650 | 0 |
_aHuman rights _xculture Diversity. |
|
| 650 | 7 |
_aInternational relations and culture. _2fast |
|
| 650 | 7 |
_aCultural pluralism. _2fast |
|
| 650 | 7 |
_aHuman rights. _2fast |
|
| 710 | 2 |
_aNetherlands Network for Human Rights Research, _eissuing body. |
|
| 830 | 0 |
_aHuman rights research series ; _vvol. 89. |
|
| 942 |
_2lcc _cBOOK |
||
| 999 |
_c6522 _d6522 |
||